The economic consequences of the peace (Record no. 407102)

MARC details
000 -LEADER
fixed length control field 00512nam a2200181Ia 4500
008 - FIXED-LENGTH DATA ELEMENTS--GENERAL INFORMATION
fixed length control field 191130s1971##################000#0#eng##
020 ## - INTERNATIONAL STANDARD BOOK NUMBER
ISBN 9780333107416
082 ## - DEWEY DECIMAL CLASSIFICATION NUMBER
Classification number 330
100 ## - MAIN ENTRY--AUTHOR NAME
Personal name Keynes, John Maynard
245 ## - TITLE STATEMENT
Title The economic consequences of the peace
Statement of responsibility, etc John Maynard Keynes
260 ## - PUBLICATION, DISTRIBUTION, ETC. (IMPRINT)
Place of publication London
Name of publisher Macmillan Cambridge University Press
Year of publication 1971
300 ## - PHYSICAL DESCRIPTION
Number of Pages xxv, 192 p
650 ## - SUBJECT ADDED ENTRY--TOPICAL TERM
Topical Term Economics
991 ## -
-- 28238

No items available.

Find us on the map